00552cam a2200181 a 450000100100000000500170001000800410002702000150006804000250008308200260010810000210013424500550015525000110021026000320022130000260025365000430027965000480032200000460820200929151453.0760218s1981 sp 001 0 spa  a8475682057 aDO-SdBNPcFMFIUdDLC a899.9209bM623h, 19811 aMichelena, Luis.10aHistoria de la literatura vasca /cLuis Michelena. a2a ed. aZarautz :bErein,c[1981]?. a188, [1] p. ;c19 cm. 4aLiteratura vascaxHistoria y crítica 4aLiteratura españolaxHistoria y crítica